Curriculum : theory and practice in kenya /
Saved in:
| Main Author: | |
|---|---|
| Format: | Book |
| Language: | English |
| Published: |
Nairobi :
Oxford Univ. Press,
c1992.
|
| Tags: |
No Tags, Be the first to tag this record!
|
MARC
| LEADER | 00000cam a22000002a 4500 | ||
|---|---|---|---|
| 001 | 0000005322 | ||
| 003 | DAYSTAR | ||
| 005 | 20180225020003.0 | ||
| 008 | 030703s xx 001 0 eng d | ||
| 020 | |a 0195727754 | ||
| 040 | |a Daystar | ||
| 040 | |d Nmicheni | ||
| 050 | 0 | 0 | |a LB1570 |b .S5 |
| 100 | 1 | |a John, S. Shiundu. | |
| 245 | 1 | 0 | |a Curriculum : |b theory and practice in kenya / |c S. Shiundu John. |
| 260 | |a Nairobi : |b Oxford Univ. Press, |c c1992. | ||
| 908 | |a 060412 | ||
| 942 | |c G |0 1 | ||
| 952 | |0 0 |1 0 |4 0 |6 LB_1570_000000000000000_S5 |7 0 |9 1129 |a DUA |b DUA |c GC |d 2017-09-28 |l 1 |o LB1570.S5 |p BK041037 |r 2024-04-11 11:37:53 |s 2024-02-16 |w 2017-09-28 |x 26092 |y G | ||
| 952 | |0 0 |1 0 |4 0 |6 LB_1570_000000000000000_S5 |7 0 |9 1130 |a DUN |b DUN |c GC |d 2017-09-28 |l 1 |m 1 |o LB1570.S5 |p BK035669 |r 2018-03-29 00:00:00 |s 2018-02-24 |t c.5 |w 2017-09-28 |x 28068 |y G | ||
| 952 | |0 4 |1 0 |4 0 |6 LB1570 S5 |7 0 |9 1131 |a DUA |b DUA |c PROC |d 2017-09-28 |l 0 |o LB1570.S5 |p BK023986 |r 2017-09-28 00:00:00 |t c.1 |w 2017-09-28 |x 26091 |y G | ||
| 995 | |a Daystar | ||
| 999 | |c 732 |d 732 | ||